[Event "Julian Mazur Memorial"]
[Site "Wellington Chess Club"]
[Date "2022.09.08"]
[Round "7.4"]
[White "Croad, Nicolas"]
[Black "Perrin, Brent"]
[Result "1/2-1/2"]
[WhiteElo "2439"]
[BlackElo "1965"]

1. e4 d5 2. exd5 Qxd5 3. Nc3 Qd8 4. d4 Nf6 5. Nf3 Bg4 6. h3 Bxf3 7. Qxf3 c6 8.
Be3 e6 9. Bd3 Nbd7 10. O-O Bd6 11. Rfe1 O-O 12. Rad1 Nd5 13. Bd2 Nb4 14. Ne4
Nxd3 15. Qxd3 Be7 16. Re3 Nf6 17. Ng5 Re8 18. Rg3 g6 19. h4 Qd5 20. Rf3 Rad8
21. Bf4 c5 22. Bc7 Rd7 23. c4 Qxd4 24. Qxd4 cxd4 25. Be5 Ng4 26. Bg3 Bf8 27.
Rf4 Nh6 28. Rfxd4 Rxd4 29. Rxd4 Nf5 30. Rd7 Nxg3 31. fxg3 Re7 32. Rd8 Kg7 33.
Nxh7 Kxh7 34. Rxf8 Rd7 35. Rb8 Kg7 36. Kf1 Kf6 37. Ke2 Kf5 38. Kf3 Rd3+ 39. Ke2
Rd7 40. Kf3 Rd3+ 41. Ke2 Rd7 1/2-1/2

[Event "Julian Mazur Memorial"]
[Site "Wellington Chess Club"]
[Date "2022.09.08"]
[Round "7.5"]
[White "Young, Cohen"]
[Black "Benitez, Edgar"]
[Result "1-0"]
[WhiteElo "1933"]
[BlackElo "1952"]

1. e4 d6 2. d4 c6 3. Nc3 g6 4. f4 Bg7 5. Nf3 Bg4 6. Be3 Nd7 7. h3 Bxf3 8. Qxf3
Qb6 9. O-O-O Qa5 10. Kb1 b5 11. e5 d5 12. Bd3 e6 13. g4 b4 14. Ne2 c5 15. Nc1
c4 16. Bxc4 Rc8 17. Bd3 Ne7 18. f5 Nc6 19. Rhf1 O-O 20. f6 Bh8 21. h4 Qc7 22.
h5 Ncxe5 23. dxe5 Nxe5 24. Qg2 Nc4 25. Bxc4 dxc4 26. g5 a5 27. Rd4 a4 28. Rfd1
a3 29. b3 cxb3 30. cxb3 Qc3 31. R1d3 Qe1 32. Bd2 Qd1 33. Bf4 Qe1 34. Bd2 Qd1
35. Bf4 Qe1 36. Qd2 Qh1 37. Rd8 Qe4 38. Rxf8+ Rxf8 39. Ka1 Qa8 40. h6 Qa5 41.
Bd6 Rc8 42. Bxb4 Qc7 43. Kb1 e5 44. Be7 e4 45. Rd8+ Rxd8 46. Qxd8+ 1-0

[Event "Julian Mazur Memorial"]
[Site "Wellington Chess Club"]
[Date "2022.09.08"]
[Round "7.6"]
[White "Thirkell, Zachary"]
[Black "Archer, Ollie"]
[Result "1-0"]
[WhiteElo "1500"]
[BlackElo "2186"]

1. c4 e6 2. d4 Nf6 3. Nc3 Bb4 4. Bd2 d5 5. e3 O-O 6. Nf3 a6 7. a3 Bxc3 8. Bxc3
dxc4 9. Bxc4 b5 10. Be2 Nbd7 11. Ba5 Bb7 12. Rc1 Nd5 13. O-O N5b6 14. b3 Rc8
15. Bd3 h6 16. Qd2 c5 17. Be2 cxd4 18. Qxd4 Rb8 19. Rfd1 Qf6 20. Qxf6 Nxf6 21.
Bxb6 Bxf3 22. Bxf3 Rxb6 23. h3 e5 24. Rc6 Rfb8 25. Rxb6 Rxb6 26. Rd2 e4 27. Be2
Rc6 28. a4 Rc1+ 29. Kh2 Rc5 30. axb5 axb5 31. b4 Re5 32. Rd8+ Kh7 33. Rb8 Rd5
34. Bxb5 Rd2 35. Kg1 Rb2 36. Bc4 Rb1+ 37. Kh2 Rb2 38. Bxf7 Rxf2 39. b5 Nd7 40.
Bg8+ Kg6 41. Rd8 Nb6 42. Rd6+ Rf6 43. Rxf6+ Kxf6 44. Kg3 Kg5 45. h4+ Kf5 46.
Bh7+ Ke5 47. Kg4 Nd5 48. Kh5 Nxe3 49. Bxe4 $2 (49. b6 Nd5 50. b7 Nf6+ 51. Kg6
Nd7 52. Kxg7 e3 53. Bd3 Kd4 54. Be2 Kc3 55. Kxh6 Kd2 56. Bb5 $18) 49... Kxe4
50. b6 $4 Nd5 $4 (50... Kf5 51. b7 Ng4 52. b8=Q g6#) 51. b7 Nf6+ 52. Kg6 Nd7
53. Kxg7 h5 54. Kg6 Ke5 55. Kxh5 Kf6 56. g4 Kg7 57. g5 Nb8 58. g6 Nd7 59. Kg5
Nf6 60. b8=Q Ne8 61. Qb7+ 1-0

[Event "Julian Mazur Memorial"]
[Site "Wellington Chess Club"]
[Date "2022.09.08"]
[Round "7.7"]
[White "Sole, Michael"]
[Black "Mavaram, Eashan"]
[Result "1-0"]
[WhiteElo "2155"]
[BlackElo "1352"]

1. d4 Nf6 2. Bf4 g6 3. Nc3 d5 4. e3 c6 5. Be2 Bg7 6. h4 h5 7. Nf3 Bf5 8. Ne5
Nbd7 9. Bd3 Bxd3 10. cxd3 Rc8 11. Nf3 Qb6 12. Qd2 Ng4 13. O-O Bh6 14. Bxh6 Rxh6
15. e4 f6 16. exd5 cxd5 17. Nxd5 Qd6 18. Nc3 Kf7 19. Rac1 f5 20. Nb5 Qb8 21.
Rfe1 Re8 22. Nc7 Rc8 23. Ng5+ Kg8 24. Nge6 Nf8 25. f3 Nxe6 26. fxg4 Rxc7 27.
Qxh6 Rxc1 28. Qxg6+ Kh8 29. Qh6+ Kg8 30. Qxe6+ Kh8 31. Rxc1 1-0

[Event "Julian Mazur Memorial"]
[Site "Wellington Chess Club"]
[Date "2022.09.08"]
[Round "7.8"]
[White "Darr, Samuel"]
[Black "Tanoi, Edward"]
[Result "0-1"]
[WhiteElo "1560"]
[BlackElo "1985"]

1. e4 c5 2. Nf3 Nc6 3. d4 cxd4 4. Nxd4 e5 5. Nf3 Nf6 6. Nc3 Bb4 7. Bg5 Bxc3+ 8.
bxc3 Qa5 9. Qd3 Nxe4 10. Bd2 Nxd2 11. Nxd2 d5 12. Nb3 Qd8 13. Rd1 Be6 14. g3
O-O 15. Bg2 e4 16. Qe3 Qc7 17. O-O Ne5 18. Nd4 Qc4 19. Nb3 b6 20. Rd4 Qc6 21.
Rfd1 Rac8 22. Qg5 f6 23. Qe3 Qxc3 24. Qxc3 Rxc3 25. Rc1 Rfc8 26. Rdd1 g6 27.
Nd4 Bg4 28. Rd2 Nc4 29. Nb5 Nxd2 30. Nxc3 Rxc3 31. h3 Bf3 32. Bxf3 Nxf3+ 33.
Kh1 d4 0-1

[Event "Julian Mazur Memorial"]
[Site "Wellington Chess Club"]
[Date "2022.09.08"]
[Round "7.9"]
[White "Shepherd, Blake"]
[Black "Malcolm, Leo"]
[Result "0-1"]
[WhiteElo "1497"]
[BlackElo "1873"]

1. d4 e6 2. c4 f5 3. Nf3 Nf6 4. Nc3 Be7 5. Bf4 d6 6. g3 O-O 7. Bg2 a5 8. Qc2
Nc6 9. a3 Nxd4 10. Nxd4 e5 11. Bxe5 dxe5 12. Nxf5 Ng4 13. Nxe7+ Qxe7 14. Nd5
Qc5 15. e3 Rxf2 16. Qe4 Bf5 17. Qxg4 Bxg4 18. Kxf2 c6 19. b4 Qxc4 20. Nb6 Qe2+
21. Kg1 Qxe3+ 22. Kf1 Rf8+ 0-1

[Event "Julian Mazur Memorial"]
[Site "Wellington Chess Club"]
[Date "2022.09.08"]
[Round "7.10"]
[White "Aldridge, Alan"]
[Black "Carlyle, Mathieson"]
[Result "0-1"]
[WhiteElo "1806"]
[BlackElo "1532"]

1. e4 e6 2. d4 d5 3. exd5 exd5 4. Nf3 Nf6 5. Bg5 Be7 6. Nc3 O-O 7. Be2 Bb4 8.
O-O Bxc3 9. bxc3 a5 10. c4 dxc4 11. Bxc4 Qd6 12. c3 h6 13. Bh4 Ne4 14. Rc1 Bg4
15. Re1 Qc6 16. Be2 Nxc3 17. Qd2 Nxe2+ 18. Rxe2 Qb6 19. Re7 Bxf3 20. gxf3 Na6
21. Bg3 Qf6 22. Rce1 Rfd8 23. Qxa5 Qxf3 24. Bxc7 Nxc7 25. Qxc7 Rxd4 26. Qxb7
Rg4+ 27. Kf1 Qh3+ 28. Ke2 Rxa2+ 29. Kd1 Qd3+ 30. Kc1 Qc2# 0-1

[Event "Julian Mazur Memorial"]
[Site "Wellington Chess Club"]
[Date "2022.09.08"]
[Round "7.11"]
[White "Brockway, Andrew"]
[Black "Katkodia, Ali"]
[Result "0-1"]
[WhiteElo "1686"]
[BlackElo "1500"]

1. e4 d6 2. d4 Nf6 3. Nc3 g6 4. Nf3 Bg7 5. h3 O-O 6. Be3 Nbd7 7. Qd2 a6 8. Bd3
b5 9. e5 b4 10. exf6 bxc3 11. bxc3 Bxf6 12. Rb1 c5 13. Be4 Ra7 14. O-O Qa5 15.
h4 Qxa2 16. Bh6 Bg7 17. Bxg7 Kxg7 18. dxc5 Nxc5 19. Bd5 Qa5 20. Ra1 Qd8 21.
Rfe1 Kg8 22. h5 (22. Qh6 e6 23. Ng5 f6) 22... e6 23. Ba2 Bb7 24. hxg6 hxg6 25.
Ng5 d5 26. Qf4 Ne4 27. Rxe4 dxe4 28. Qh4 Kg7 29. Qh7+ Kf6 30. Qh4 Kf5 31. g4+ (
31. Qh6 Rh8 32. Nh7 Bc6 33. Qh3+ Ke5) 31... Ke5 32. Qg3+ (32. Nxf7+ Rxf7 33.
Qxd8) 32... Kf6 33. Qh4 Rh8 34. Nxe4+ Kg7 35. Qxd8 Rxd8 36. Re1 Bxe4 37. Rxe4
Rd1+ 38. Kg2 Rc1 39. Bb3 a5 40. Kf3 Ra1 41. Ba4 Ra3 42. Rc4 Rb7 43. Ke3 e5 44.
Bb3 f5 45. gxf5 gxf5 46. Ba4 Kf6 47. f4 exf4+ 48. Kxf4 Re7 49. Rc6+ Re6 50.
Rxe6+ Kxe6 51. Bb3+ Kf6 52. Bc4 Ra4 0-1

[Event "Julian Mazur Memorial"]
[Site "Wellington Chess Club"]
[Date "2022.09.08"]
[Round "7.12"]
[White "Rossiter, Philip"]
[Black "Jackson, Ross"]
[Result "1-0"]
[WhiteElo "1839"]
[BlackElo "1905"]

1. c4 Nf6 2. Nc3 d6 3. d4 g6 4. Bg5 Bg7 5. Nf3 Bg4 6. e3 h6 7. Bh4 g5 8. Bg3
Nh5 9. Qc2 Nxg3 10. hxg3 Qc8 11. Bd3 Na6 12. a3 c5 13. d5 Nc7 14. Nd2 a6 15.
Rb1 Bd7 16. b4 cxb4 17. axb4 Rb8 18. c5 Nb5 19. Nxb5 Bxb5 20. Rc1 Bxd3 21. Qxd3
Qd8 22. O-O dxc5 23. bxc5 O-O 24. Nc4 Rc8 25. Nb6 Rc7 26. Rfd1 e6 27. d6 Rc6
28. Qe4 Qf6 1-0

[Event "Julian Mazur Memorial"]
[Site "Wellington Chess Club"]
[Date "2022.09.08"]
[Round "7.14"]
[White "Webster, Jamie"]
[Black "McConnell, Jack"]
[Result "1-0"]
[WhiteElo "1703"]
[BlackElo "1411"]

1. e4 c5 2. Nf3 e6 3. d4 cxd4 4. Nxd4 Nc6 5. Nc3 a6 6. Be3 Nxd4 7. Qxd4 Ne7 8.
Be2 b5 9. e5 Qc7 10. f4 Nf5 11. Qb6 Qxb6 12. Bxb6 Rb8 13. Ba7 Rb7 14. Bf2 Rc7
15. O-O-O Bb7 16. Rhg1 Bb4 17. Nb1 d5 18. exd6 Bxd6 19. g3 Bc5 20. Bxc5 Rxc5
21. a3 O-O 22. Bd3 Rfc8 23. Nc3 Ne3 24. Rd2 Nd5 25. Ne4 R5c6 26. Ng5 h6 27. Nf3
b4 28. axb4 Nxb4 29. Be4 R6c7 30. Bxb7 Rxb7 31. Rgd1 Nd5 32. Rd3 Rbc7 33. R1d2
Kf8 34. Ra3 Ke7 35. Ra5 Ne3 36. c3 Nc4 37. Rxa6 Nxd2 38. Kxd2 Rb7 39. Kc2 Rcb8
40. Ra2 f6 41. Nd4 e5 42. Nc6+ Ke6 43. Nxb8 Rxb8 44. fxe5 Kxe5 45. Ra7 g6 46.
Re7+ Kf5 47. c4 Rc8 48. Kc3 Kg5 49. b4 f5 50. c5 Kf6 51. Re2 g5 52. Kc4 f4 53.
gxf4 gxf4 54. Kd4 Rd8+ 55. Ke4 Rb8 56. Rb2 Ke6 57. Kxf4 Kd7 58. Kf5 h5 59. h4
Kc6 60. Kg6 Rh8 61. Kf7 Kb5 62. Ke6 Kc6 63. Ke5 Rh6 64. Rd2 Kb5 65. Rd6 Rh7 66.
Rb6+ Kc4 67. c6 Rh6 68. b5 Kc5 69. Rb7 Rh8 70. c7 Re8+ 71. Kf6 Rc8 72. Ke7 Rg8
73. b6 Kd4 74. Rb8 Rg7+ 75. Kf6 1-0

[Event "Julian Mazur Memorial"]
[Site "Wellington Chess Club"]
[Date "2022.09.08"]
[Round "7.15"]
[White "Ulm, Joy"]
[Black "Paino, Roberto"]
[Result "1-0"]
[WhiteElo "1500"]
[BlackElo "1574"]

1. d4 d5 2. c4 e6 3. Nc3 Nf6 4. Bg5 Be7 5. Nf3 Bd7 6. e3 Nc6 7. Bxf6 Bxf6 8.
cxd5 Ne7 9. Bc4 exd5 10. Nxd5 Nxd5 11. Bxd5 Rb8 12. O-O O-O 13. Qc2 c6 14. Be4
g6 15. Rac1 Rc8 16. Rfd1 Be6 17. b3 Qe7 18. Qe2 Bg7 19. Nd2 f5 20. Bf3 Rfe8 21.
Nc4 Qc7 22. Rc2 Bf7 23. d5 cxd5 24. Bxd5 Red8 25. Bxf7+ Qxf7 26. Rcd2 Rxd2 27.
Rxd2 Bf8 28. h3 Qc7 29. Qd3 Qc6 30. Qd5+ Qxd5 31. Rxd5 Rc7 32. Kf1 1-0

[Event "Julian Mazur Memorial"]
[Site "Wellington Chess Club"]
[Date "2022.09.08"]
[Round "7.16"]
[White "Henrys, Francis"]
[Black "Hampshire, Thomas"]
[Result "1-0"]
[WhiteElo "1500"]
[BlackElo "1500"]

1. e4 c5 2. Nc3 Nc6 3. Bb5 g6 4. Bxc6 bxc6 5. Nge2 Bg7 6. d3 Rb8 7. b3 d6 8.
Bb2 Nf6 9. f4 O-O 10. Qd2 Bd7 11. O-O-O a5 12. Na4 Qc7 13. Ng3 c4 14. dxc4 c5
15. Nc3 a4 16. h4 axb3 17. cxb3 Ra8 18. h5 Qa5 19. e5 Ne8 20. h6 Bh8 21. Nd5
Qd8 22. exd6 exd6 23. Rhe1 Bf6 24. Rxe8 Rxe8 25. Nxf6+ Kf8 26. Nxh7+ 1-0

[Event "Julian Mazur Memorial"]
[Site "Wellington Chess Club"]
[Date "2022.09.08"]
[Round "7.17"]
[White "Qu, Lucas"]
[Black "Hupert, Leo"]
[Result "1-0"]
[WhiteElo "1272"]
[BlackElo "1387"]

1. e4 e5 2. Nf3 Nc6 3. Bb5 Qf6 4. Nc3 Nd4 5. Nxd4 exd4 6. Nd5 Qe5 7. Bd3 c6 8.
f4 Qb8 9. O-O cxd5 10. exd5 Nf6 11. Qf3 d6 12. c3 Bg4 13. Qg3 dxc3 14. dxc3 Qc8
15. Re1+ Be7 16. Qe3 Nxd5 17. Qe4 Qe6 18. Qa4+ Qd7 19. Bb5 Nb6 20. Bxd7+ Bxd7
21. Qe4 Nc8 22. Qxb7 Nb6 23. Qe4 Kd8 24. Qxe7+ Kc7 25. Qxf7 Rhg8 26. Bd2 Raf8
27. Qh5 h6 28. Re7 Nc4 29. Be1 Nxb2 30. Qa5+ Kc8 31. Qxa7 Rd8 32. Rb1 Rge8 33.
Rxb2 Rxe7 34. Rb8# 1-0

[Event "Julian Mazur Memorial"]
[Site "Wellington Chess Club"]
[Date "2022.09.08"]
[Round "7.18"]
[White "Mills, Dan"]
[Black "Hooper, John"]
[Result "0-1"]
[WhiteElo "927"]
[BlackElo "1251"]

1. e4 e6 2. Nf3 d5 3. d3 dxe4 4. Ng5 exd3 5. Bxd3 Bd7 6. a3 g6 7. Nc3 Bh6 8.
Nge4 Bg7 9. Bg5 f6 10. Be3 Ne7 11. Qf3 O-O 12. O-O-O Nbc6 13. Qh3 Ne5 14. f4
Nxd3+ 15. Rxd3 Qe8 16. g4 Rd8 17. Rhd1 Nc6 18. g5 f5 19. Nc5 Bc8 20. Nb5 Rxd3
21. Rxd3 Qe7 22. Bd4 e5 23. Re3 Nxd4 24. Nd3 e4 25. Nc3 c5 26. Nd5 Qd6 27. c4
exd3 28. Rxd3 Ne2+ 29. Kc2 Qa6 30. b3 Rf7 31. a4 Be6 32. Qe3 Bxd5 33. Rxd5 Nd4+
34. Kd3 Nxb3 35. Rd8+ Rf8 36. Rxf8+ Bxf8 37. Kc3 Na5 38. Kc2 Nxc4 0-1

[Event "Julian Mazur Memorial"]
[Site "Wellington Chess Club"]
[Date "2022.09.15"]
[Round "8.1"]
[White "Ker, Anthony"]
[Black "Young, Cohen"]
[Result "1-0"]
[WhiteElo "2428"]
[BlackElo "1933"]

1. e4 c5 2. Nc3 Nc6 3. f4 g6 4. Nf3 Bg7 5. Bb5 Nd4 6. O-O a6 7. Bc4 b5 8. Bd5
Rb8 9. d3 e6 10. Bb3 Ne7 11. Nxd4 Bxd4+ 12. Kh1 Bb7 13. Ne2 Bg7 14. c3 O-O 15.
Be3 Qc7 16. Qe1 f5 17. e5 Nd5 18. Qf2 Nxe3 19. Qxe3 c4 20. dxc4 bxc4 21. Ba4 d6
22. exd6 Qxd6 23. Rad1 Bd5 24. Rd2 Qb6 25. Nd4 Bxd4 26. cxd4 Qb4 27. Bd1 Qd6
28. Bf3 Rb6 29. h4 Rfb8 30. Rff2 h5 31. Kh2 Kf7 32. Kg3 a5 33. Rfe2 R8b7 34.
Rc2 Bxf3 35. Kxf3 Qc6+ 36. Kf2 Qd5 37. Qe5 Rd7 38. Red2 Qxe5 39. dxe5 Ke7 40.
Ke3 Rb5 41. Rxd7+ Kxd7 42. Kd4 Kc6 43. Rxc4+ Kb7 44. Kc3 Rd5 45. Rd4 Rc5+ 46.
Kd2 Rc6 47. b3 Kc7 48. Rc4 Kd7 49. Rxc6 Kxc6 50. Kd3 Kc5 51. a3 1-0

[Event "Julian Mazur Memorial"]
[Site "Wellington Chess Club"]
[Date "2022.09.15"]
[Round "8.2"]
[White "Van der Hoorn, Thomas"]
[Black "Enegbuma, Wallace"]
[Result "1-0"]
[WhiteElo "2059"]
[BlackElo "1844"]

1. e4 c5 2. Nf3 Nc6 3. d4 cxd4 4. Nxd4 e6 5. Nc3 a6 6. Be3 Bb4 7. Nxc6 Bxc3+ 8.
bxc3 dxc6 9. Qxd8+ Kxd8 10. O-O-O+ Ke8 11. Bb6 Bd7 12. Bc4 Nf6 13. f3 h5 14.
Rd2 Ke7 15. Bc5+ Ke8 16. Rhd1 b5 17. Bb3 Rb8 18. c4 Rb7 19. e5 Ng8 20. cxb5
cxb5 21. Rd6 Ne7 22. Rxa6 Nc6 23. a4 Nb8 24. Ra8 bxa4 25. Bd6 axb3 26. Bxb8 b2+
27. Kb1 Bc8 28. Ba7 Rc7 (28... Ke7 29. Bc5+ Ke8 30. Rxc8#) 29. Bb6 1-0

[Event "Julian Mazur Memorial"]
[Site "Wellington Chess Club"]
[Date "2022.09.15"]
[Round "8.3"]
[White "Chen, Wei Kai"]
[Black "Forster, Bill"]
[Result "1/2-1/2"]
[WhiteElo "1968"]
[BlackElo "2037"]

1. e4 e6 2. d4 d5 3. Nd2 dxe4 4. Nxe4 Nf6 5. Nxf6+ Qxf6 6. Nf3 Qd8 7. Bd3 Nd7
8. O-O Nf6 9. Ne5 Be7 10. c3 c5 11. Bb5+ Bd7 12. Qa4 a6 13. Bxd7+ Nxd7 14. dxc5
Bxc5 15. Rd1 (15. Bg5 $1 f6 16. Rfd1 b5 17. Qg4) 15... b5 16. Qe4 (16. Qf4 Nxe5
17. Rxd8+ Rxd8 18. Be3) 16... Ra7 17. Qc6 Qc7 18. Qxd7+ (18. a4 Qxc6 19. Nxc6
Rc7 20. axb5) 18... Qxd7 19. Nxd7 Rxd7 20. Bf4 Rxd1+ 1/2-1/2

[Event "Julian Mazur Memorial"]
[Site "Wellington Chess Club"]
[Date "2022.09.15"]
[Round "8.4"]
[White "Dive, Russell"]
[Black "Thirkell, Zachary"]
[Result "1-0"]
[WhiteElo "2389"]
[BlackElo "1500"]

1. Nf3 c5 2. c4 e6 3. g3 Nc6 4. Bg2 Nf6 5. O-O Be7 6. d4 d5 7. cxd5 Nxd5 8. e4
Nf6 9. e5 Nd5 10. dxc5 Bxc5 11. Nbd2 O-O 12. Ne4 Be7 13. b3 b6 14. a3 Bb7 15.
Bb2 Rc8 16. Qe2 Rc7 17. b4 Qd7 18. Rfd1 Rd8 19. Rac1 Qe8 20. Nfd2 Nb8 21. Rxc7
Nxc7 22. Nf6+ gxf6 23. exf6 Bf8 24. Bxb7 Nd5 25. Ne4 Qd7 26. Qg4+ Kh8 27. Bxd5
exd5 28. Qg7+ Bxg7 29. fxg7+ Kg8 30. Nf6+ Kxg7 31. Nxd7+ Kg6 32. Nxb8 Rxb8 33.
Rxd5 Rc8 34. h4 h5 35. Rd6+ Kh7 36. Rd7 Rc2 37. Rxf7+ Kg6 38. Rf6+ Kh7 39. Bd4
Ra2 40. Rf7+ Kg6 41. Rxa7 Kf5 42. Bxb6 Kg4 43. Kg2 Rxf2+ 44. Bxf2 1-0

[Event "Julian Mazur Memorial"]
[Site "Wellington Chess Club"]
[Date "2022.09.15"]
[Round "8.5"]
[White "Langford, Josh"]
[Black "Croad, Nicolas"]
[Result "0-1"]
[WhiteElo "2166"]
[BlackElo "2439"]

1. e4 c5 2. Nf3 d6 3. d4 cxd4 4. Nxd4 Nf6 5. Nc3 a6 6. f3 e5 7. Nb3 Be6 8. g4
Be7 9. Be3 d5 10. g5 d4 11. gxf6 Bxf6 12. Bd2 $4 (12. Bf2) 12... Bh4+ 13. Ke2
Bc4# 0-1

[Event "Julian Mazur Memorial"]
[Site "Wellington Chess Club"]
[Date "2022.09.15"]
[Round "8.6"]
[White "Perrin, Brent"]
[Black "Tanoi, Edward"]
[Result "0-1"]
[WhiteElo "1965"]
[BlackElo "1985"]

1. e4 c5 2. Nf3 Nc6 3. c3 d6 4. d4 cxd4 5. cxd4 e6 6. Nc3 Nf6 7. Be2 Be7 8. O-O
O-O 9. h3 a6 10. Be3 Bd7 11. Qd2 Qb8 12. a4 b6 13. Ne1 Rd8 14. Bf3 e5 15. d5
Na5 16. Qe2 Nb3 17. Rd1 b5 18. axb5 axb5 19. Qc2 Na5 20. b4 Nc4 21. Bc1 Rc8 22.
Qb3 Bd8 23. Nc2 Bb6 24. Na3 Bd4 25. Ne2 Bb6 26. Nc3 Bd4 27. Ne2 Bb6 28. Nc3
Nxa3 29. Bxa3 Rc4 30. Bb2 Rc7 31. Ra1 Rca7 32. Qc2 h6 33. Be2 Rc7 34. Rxa8 Qxa8
35. Ra1 Qc8 36. Ra3 Bd4 37. Bf3 Rc4 38. Qb3 Bxc3 39. Bxc3 Nxe4 40. Bxe4 Rxe4
41. Qa2 Qc4 42. Qxc4 Rxc4 43. Kf1 Bf5 44. f3 Bc2 45. Ke2 Ba4 46. Kd3 Rc8 47.
Ke4 g6 48. Bd2 Kg7 49. Rc3 Bc2+ 50. Ke3 Rxc3+ 51. Bxc3 f5 52. f4 Kf6 53. g4 Be4
54. fxe5+ dxe5 55. d6 Bc6 56. gxf5 gxf5 57. Be1 Ke6 58. Bh4 Kxd6 59. Bf6 Ke6
60. Bg7 h5 61. h4 f4+ 62. Kf2 Kf5 63. Bf8 e4 64. Be7 Bd5 65. Bc5 e3+ 66. Ke2
Ke4 67. Bb6 f3+ 68. Kf1 Bc4+ 0-1

[Event "Julian Mazur Memorial"]
[Site "Wellington Chess Club"]
[Date "2022.09.15"]
[Round "8.7"]
[White "Malcolm, Aidan"]
[Black "Lyall, Gordon"]
[Result "1/2-1/2"]
[WhiteElo "1782"]
[BlackElo "1942"]

1. e4 c6 2. d4 d5 3. exd5 cxd5 4. c4 Nf6 5. Nc3 Nc6 6. Nf3 Bg4 7. cxd5 Nxd5 8.
Qb3 Bxf3 9. gxf3 e6 10. Qxb7 Nxd4 11. Bb5+ Nxb5 12. Qc6+ Ke7 13. Qxb5 Qd7 14.
Nxd5+ Qxd5 15. Qxd5 exd5 16. Be3 Ke6 17. O-O Bb4 18. a3 Ba5 19. b4 Bb6 20. Rfe1
Kf5 21. Rad1 Rhd8 22. Bd4 f6 23. Re7 Kg6 24. Kh1 Bxd4 25. Rxd4 h5 26. Rc7 Rd6
27. a4 a6 28. Rc5 Rad8 29. b5 axb5 30. axb5 Kf5 31. Kg2 Ke5 32. Re4+ Kf5 33.
Rb4 Rb6 34. f4 Ke6 35. Rd4 Rbd6 36. Kf3 g6 37. Ke3 Ra8 38. Rc3 Ra2 39. Rb3 Rb6
40. Rdb4 Kd6 41. Rb2 Rxb2 42. Rxb2 Kc5 43. Rc2+ Kxb5 44. Kd4 Ka6 45. Kxd5 Kb7
46. Ke4 Rc6 47. Rxc6 Kxc6 48. h4 Kd6 49. f5 g5 50. hxg5 fxg5 51. f6 Ke6 52. f7
Kxf7 53. Kf5 h4 54. Kg4 Kf6 55. f4 h3 56. Kxh3 gxf4 57. Kg4 Ke5 58. Kf3 Kf5 59.
Kf2 Ke4 60. Ke2 f3+ 61. Kf2 Kf4 62. Kf1 Ke3 63. Ke1 f2+ 64. Kf1 Kf3 1/2-1/2

[Event "Julian Mazur Memorial"]
[Site "Wellington Chess Club"]
[Date "2022.09.15"]
[Round "8.8"]
[White "Malcolm, Leo"]
[Black "Carlyle, Mathieson"]
[Result "1/2-1/2"]
[WhiteElo "1873"]
[BlackElo "1532"]

1. e4 e6 2. c4 d5 3. cxd5 exd5 4. Qb3 Nf6 5. e5 Ne4 6. d4 Nc6 7. Bb5 Be6 8. Ne2
Be7 9. f3 Nc5 10. dxc5 Bxc5 11. Qc3 Qe7 12. Bg5 Qf8 13. a3 h6 14. Be3 Bxe3 15.
Bxc6+ bxc6 16. Qxc6+ Ke7 17. Qxc7+ Bd7 18. Nbc3 Ke6 19. Nxd5 Rc8 20. Ndf4+ Bxf4
21. Nxf4+ Kf5 22. Qxd7+ Kxf4 23. g3+ Kxe5 24. O-O Qc5+ 25. Kg2 Kf6 26. Rad1 Rc6
27. Rf2 Rhc8 28. Rfd2 R8c7 29. Rd6+ Rxd6 30. Rxd6+ Ke5 31. Rd5+ Qxd5 32. Qxc7+
Kf5 33. Qxa7 g5 34. b4 Qa2+ 35. Kh3 h5 36. Qd7+ Kf6 37. a4 Qc4 38. Qd6+ Kg7 39.
Qe5+ f6 40. Qb5 Qc8+ 41. g4 hxg4+ 42. fxg4 Qc3+ 43. Kg2 Qc2+ 44. Kg3 Qc7+ 45.
Kg2 Qc2+ 46. Kf3 Qd1+ 47. Qe2 Qxa4 48. Qe7+ Kg6 49. Qe3 Qd1+ 50. Qe2 Qb3+ 51.
Kf2 Qxb4 52. Qe8+ Kg7 53. Qd7+ Kg6 54. Qd3+ Kg7 55. h3 Qf4+ 56. Ke2 Qh2+ 57.
Kd1 Qh1+ 58. Kc2 Qc6+ 59. Kb3 Qb7+ 60. Ka4 Qc6+ 61. Kb4 Qb6+ 62. Kc4 Qa6+ 63.
Kd4 Qd6+ 64. Ke4 Qf4+ 65. Kd5 Qe5+ 66. Kc6 Qe6+ 67. Kc7 Qe5+ 68. Kd8 Qb8+ 69.
Ke7 Qf8+ 1/2-1/2

[Event "Julian Mazur Memorial"]
[Site "Wellington Chess Club"]
[Date "2022.09.15"]
[Round "8.10"]
[White "Benitez, Edgar"]
[Black "Rossiter, Philip"]
[Result "1/2-1/2"]
[WhiteElo "1952"]
[BlackElo "1839"]

1. d4 Nf6 2. Nf3 c6 3. Bf4 d6 4. e3 Qb6 5. Qc1 Nh5 6. Bg3 Nxg3 7. hxg3 g6 8.
Nbd2 Bg7 9. Nc4 Qc7 10. c3 Nd7 11. Be2 b5 12. Ncd2 Rb8 13. a3 O-O 14. Ne4 e5
15. dxe5 Nxe5 16. Qd2 d5 17. Neg5 Nxf3+ 18. Nxf3 Bg4 19. Ng5 Bxe2 20. Qxe2 h6
21. Nh3 Rfe8 22. O-O a5 23. Qd2 a4 24. Rfd1 Re4 25. Nf4 Rbe8 26. Re1 h5 27. Ne2
h4 28. gxh4 Rxh4 29. g3 Rh5 30. Kg2 Qe5 31. Qd3 Qe4+ 32. Qxe4 Rxe4 33. Nd4 Bxd4
34. exd4 Kg7 35. f3 Re6 36. Rxe6 fxe6 37. Re1 Kf6 38. g4 Rh7 39. Kg3 Rh8 40.
g5+ Ke7 41. f4 Kf7 42. Kg2 Rh4 43. Kg3 Rh8 1/2-1/2

[Event "Julian Mazur Memorial"]
[Site "Wellington Chess Club"]
[Date "2022.09.15"]
[Round "8.11"]
[White "Darr, Samuel"]
[Black "Aldridge, Alan"]
[Result "1-0"]
[WhiteElo "1560"]
[BlackElo "1806"]

1. e4 e5 2. Nf3 Nc6 3. Bc4 Bc5 4. d3 Nf6 5. Bg5 d6 6. h3 Be6 7. Bb3 a6 8. Nc3
h6 9. Be3 Ba7 10. Qe2 Qd7 11. Nd2 g5 12. O-O-O Bxb3 13. Nxb3 O-O-O 14. Qf3 Nh7
15. Nd5 Rdf8 16. g4 Qe6 17. Rhe1 Rhg8 18. Qf5 Qxf5 19. exf5 Re8 20. Kb1 Bxe3
21. fxe3 Ne7 22. Nxe7+ Rxe7 23. Nd2 Ree8 24. c4 Nf6 25. Kc2 Rh8 26. e4 Reg8 27.
Rg1 h5 28. Rg2 hxg4 29. hxg4 Nd7 30. b4 f6 31. Nb1 Nb8 32. Nc3 Nc6 33. Nd5 Nd4+
34. Kc3 Rh6 35. Ne7+ 1-0

[Event "Julian Mazur Memorial"]
[Site "Wellington Chess Club"]
[Date "2022.09.15"]
[Round "8.12"]
[White "Ulm, Joy"]
[Black "Webster, Jamie"]
[Result "0-1"]
[WhiteElo "1500"]
[BlackElo "1703"]

1. d4 d5 2. c4 c6 3. Nc3 Nf6 4. Nf3 e6 5. Bg5 Nbd7 6. e3 Qa5 7. Qc2 Ne4 8. Bd3
Nxg5 9. Nxg5 dxc4 10. Bxc4 Qxg5 11. O-O Be7 12. Bd3 a6 13. a4 c5 14. Ne4 Qh5
15. Be2 Qh6 16. dxc5 O-O 17. b4 Nf6 18. Nd6 Bxd6 19. cxd6 Bd7 20. b5 Rfc8 21.
Qb3 Qg5 22. b6 Qd5 23. Qa3 Qc5 24. Bf3 Qxa3 25. Rxa3 Bc6 26. Bxc6 Rxc6 27. Rd3
Nd7 28. a5 Rac8 29. f4 Rc5 30. Ra1 Rc1+ 31. Rxc1 Rxc1+ 32. Kf2 Kf8 33. Ke2 Ke8
34. Kd2 Rc5 35. Rc3 Rxc3 36. Kxc3 Nf6 37. h3 Kd7 38. Kd4 Kxd6 39. e4 Nd7 40.
e5+ Ke7 41. g4 f6 42. exf6+ Kxf6 43. f5 exf5 44. gxf5 Kxf5 45. Kd5 g5 46. Kd6
Nc5 47. Kxc5 Ke5 48. Kc4 h5 49. Kd3 g4 50. hxg4 hxg4 51. Ke3 Kd5 0-1

[Event "Julian Mazur Memorial"]
[Site "Wellington Chess Club"]
[Date "2022.09.15"]
[Round "8.13"]
[White "Brockway, Andrew"]
[Black "Qu, Lucas"]
[Result "1/2-1/2"]
[WhiteElo "1686"]
[BlackElo "1272"]

1. e4 e5 2. Nf3 Nc6 3. Bb5 Nf6 4. O-O Bc5 5. Re1 O-O 6. d3 h6 7. c3 d6 8. d4
exd4 9. cxd4 Bb6 10. Nc3 Bg4 11. Bxc6 bxc6 12. Qd3 Re8 13. Be3 Qe7 14. Nd2 Bh5
15. f3 c5 16. dxc5 Bxc5 17. Bxc5 dxc5 18. Qc2 Bg6 19. Nc4 Qe6 20. Ne3 a6 21.
Ncd5 Nxd5 22. Nxd5 Qxd5 23. exd5 Bxc2 24. Rec1 Re2 25. a4 Rb8 26. Ra2 Bb3 27.
Ra3 Rxb2 28. Rxc5 Rd8 29. Rxc7 Rxd5 30. h3 Bd1 31. Rc4 Rb3 32. Ra2 f6 33. Rc1
Rb4 34. Rca1 Rdd4 35. a5 Bb3 36. Rb2 Bf7 37. Rxb4 Rxb4 38. Kf2 g5 39. Kg3 h5
40. Ra3 f5 41. Kf2 g4 42. hxg4 fxg4 43. fxg4 Rxg4 44. g3 Kf8 45. Rc3 Ra4 46.
Rc5 Rb4 47. Rc6 Bc4 48. Rc5 Rb2+ 49. Ke3 Be2 50. Rf5+ Ke7 51. Rf2 Kd6 52. Rxe2
Rxe2+ 53. Kxe2 Kc5 54. Kf3 Kb5 55. Kf4 Kxa5 56. Kg5 Kb4 57. Kxh5 a5 58. g4 a4
59. g5 a3 60. g6 a2 61. g7 a1=Q 62. g8=Q Qh1+ 63. Kg6 Qg2+ 64. Kf7 Qf3+ 65. Ke7
Qb7+ 66. Kf8 {(the game carried on for 14 more moves) 1/2-1/2} 1/2-1/2

[Event "Julian Mazur Memorial"]
[Site "Wellington Chess Club"]
[Date "2022.09.15"]
[Round "8.14"]
[White "Farrington, Lawrence"]
[Black "Henrys, Francis"]
[Result "0-1"]
[WhiteElo "1602"]
[BlackElo "1500"]

1. e4 d5 2. exd5 Qxd5 3. Nc3 Qd6 4. d4 Nf6 5. Nf3 Nc6 6. Be2 Bg4 7. Be3 O-O-O
8. h3 Bxf3 9. Bxf3 Nxd4 10. O-O e5 11. Ne4 Nxf3+ 12. Qxf3 Nxe4 13. Qxe4 Kb8 14.
Qf3 Qe6 15. a3 f5 16. Rad1 Bd6 17. Qd5 Qf6 18. Qa5 b6 19. Qa4 f4 20. Bc1 f3 21.
Qg4 fxg2 22. Qxg2 h6 23. f4 exf4 24. Bxf4 Bxf4 25. Rxd8+ Rxd8 0-1